| 000 | 01616nam a2200433 i 4500 | ||
|---|---|---|---|
| 001 | 14595 | ||
| 003 | KOSZ 005 | ||
| 005 | 20220419131204.0 | ||
| 008 | 070809s1972 pl a f 001 0 pol | ||
| 015 | _aPB 1972/4828 | ||
| 035 | _a991035886859705066 | ||
| 035 | _a(PL-WaBN)b19647414-48omnis_nlop | ||
| 035 | _ab19647414 | ||
| 035 | _a(OCoLC)839122291 | ||
| 035 | _a(PL)b0000001964741 | ||
| 035 | _a(EXLNZ-48OMNIS_NETWORK)9910419976505606 | ||
| 040 |
_aWA N _cWA N _dKOSZ 005/KK |
||
| 041 | 1 |
_apol _hrus |
|
| 080 | _a53 | ||
| 100 | 1 |
_aBeresteckij, Vladimir Borisovič _d(?-1977). |
|
| 245 | 1 | 0 |
_aFizyka teoretyczna. _nT. 4, _pRelatywistyczna teoria kwantów Cz.1 / _cW. B. Bierestecki, E. M. Lifszyc, L. P. Pitajewski ; [z rosyjskiego tłumaczył Ryszard Gagla]. |
| 246 | 1 |
_iTytuł oryginału: _aTeretičeskaâ fizika |
|
| 260 |
_aWarszawa : _bPaństwowe Wydawnictwo Naukowe, _c1972. |
||
| 300 |
_a454, [1] strona : _bilustracje, errata ; _c23 cm. |
||
| 336 |
_2rdacontent _aTekst _btxt |
||
| 337 |
_2rdamedia _aBez urządzenia pośredniczącego _bn |
||
| 338 |
_2rdacarrier _aWolumin _bnc |
||
| 380 | _aKsiążki | ||
| 388 | _a1901-2000 | ||
| 650 | 7 |
_aSzczególna teoria względności _2DBN |
|
| 658 | _aFizyka i astronomia | ||
| 650 | 7 |
_aKwantowa teoria pola _2DBN |
|
| 700 | 1 |
_aGagla, Ryszard. _eTłumaczenie |
|
| 700 | 1 |
_aLifszyc, Jewgienij _d(1915-1985) |
|
| 700 | 1 | _aPitajewski, Lew Pietrowicz | |
| 856 |
_uhttp://koha.tu.koszalin.pl/cgi-bin/koha/opac-detail.pl?biblionumber=14595 _yKatalog online BPK |
||
| 942 |
_2UKD _cKS |
||
| 999 |
_c14595 _d14595 |
||